000 00617nam a2200217Ia 4500
005 20250508162010.0
008 008 250505s9999 xx 000 0 eng d
020 _a0-416-71260-6
037 _aTextual
040 _aFEDL
_beng
_cFEDL
041 _aeng
_2eng
084 _a155.7, OAK
_qFEDL
100 _aOakley David A. Ed.
_9771996
245 0 _aBrain, behaviour and evolution
260 _aLondon, UK
_bMethuen and Co. Ltd.
_c1979
300 _axviii,237p.
650 _aChild Psychology
700 _a Plotkin H. C. Ed.
_9771997
942 _cTEXL
_h155.7, OAK
999 _c1373746
_d1373746